Leap advanced : (Record no. 18215)
[ view plain ]
| 000 -LEADER | |
|---|---|
| fixed length control field | 00987cam a2200289 i 4500 |
| 001 - CONTROL NUMBER | |
| control field | 016487405 |
| 003 - CONTROL NUMBER IDENTIFIER | |
| control field | EG-ScBUE |
| 005 - DATE AND TIME OF LATEST TRANSACTION | |
| control field | 20220512124149.0 |
| 008 - FIXED-LENGTH DATA ELEMENTS--GENERAL INFORMATION | |
| fixed length control field | 130625t2013 quca f 000 0 eng d |
| 020 ## - INTERNATIONAL STANDARD BOOK NUMBER | |
| International Standard Book Number | 9782761352291 (paperback) |
| 040 ## - CATALOGING SOURCE | |
| Original cataloging agency | Uk |
| Language of cataloging | eng |
| Description conventions | rda |
| Transcribing agency | Uk |
| Modifying agency | UkCU |
| -- | EG-ScBUE |
| 082 04 - DEWEY DECIMAL CLASSIFICATION NUMBER | |
| Edition number | 22 |
| Classification number | 428.0071 |
| Item number | BEA |
| 100 1# - MAIN ENTRY--PERSONAL NAME | |
| Personal name | Beatty, Ken, |
| Relator term | author. |
| 9 (RLIN) | 24598 |
| 245 10 - TITLE STATEMENT | |
| Title | Leap advanced : |
| Remainder of title | listening and speaking : learning English for academic purposes / |
| Statement of responsibility, etc | Ken Beatty. |
| 264 #1 - PUBLICATION, DISTRIBUTION, ETC. (IMPRINT) | |
| Place of publication, distribution, etc | Montréal : |
| Name of publisher, distributor, etc | Pearson, |
| Date of publication, distribution, etc | [2013] |
| 264 #4 - PUBLICATION, DISTRIBUTION, ETC. (IMPRINT) | |
| Date of publication, distribution, etc | c2013 |
| 300 ## - PHYSICAL DESCRIPTION | |
| Extent | viii, 168 pages : |
| Other physical details | color illustrations ; |
| Dimensions | 28 cm |
| 336 ## - CONTENT TYPE | |
| Source | rdacontent |
| Content type term | text |
| Content type code | txt |
| 337 ## - MEDIA TYPE | |
| Source | rdamedia |
| Media type term | unmediated |
| Media type code | n |
| 338 ## - CARRIER TYPE | |
| Source | rdacarrier |
| Carrier type term | volume |
| Carrier type code | nc |
| 650 #7 - SUBJECT ADDED ENTRY--TOPICAL TERM | |
| Topical term or geographic name as entry element | English language |
| General subdivision | Spoken English |
| -- | Study and teaching. |
| 9 (RLIN) | 26146 |
| Source of heading or term | BUEsh |
| 650 #7 - SUBJECT ADDED ENTRY--TOPICAL TERM | |
| Topical term or geographic name as entry element | Listening |
| General subdivision | Study and teaching. |
| 9 (RLIN) | 7737 |
| Source of heading or term | BUEsh |
| 651 ## - SUBJECT ADDED ENTRY--GEOGRAPHIC NAME | |
| Source of heading or term | BUEsh |
| 653 ## - INDEX TERM--UNCONTROLLED | |
| Arrived date list | April2014 |
| Resource For college | Humanities: English |
| 655 ## - INDEX TERM--GENRE/FORM | |
| Form subdivision | Reading book |
| 9 (RLIN) | 34232 |
| 942 ## - ADDED ENTRY ELEMENTS (KOHA) | |
| Source of classification or shelving scheme | Dewey Decimal Classification |
| Call number prefix | 428.0071 BEA |
| Koha item type | Book - Borrowing |
| Withdrawn status | Lost status | Source of classification or shelving scheme | Damaged status | Not for loan | Collection code | Home library | Current library | Shelving location | Date acquired | Source of acquisition | Cost, normal purchase price | Total Checkouts | Full call number | Barcode | Date last seen | Cost, replacement price | Price effective from | Koha item type | Date checked out | Public note | Materials specified (bound volume or other part) | Total Renewals |
|---|---|---|---|---|---|---|---|---|---|---|---|---|---|---|---|---|---|---|---|---|---|---|
| Dewey Decimal Classification | Baccah | Central Library | Central Library | Second Floor | 06/04/2014 | 480.00 | 428.0071 BEA | 000035873 | 15/07/2025 | 600.00 | 06/04/2014 | Book - Borrowing | ||||||||||
| Dewey Decimal Classification | Baccah | Central Library | Central Library | Second Floor | 06/04/2014 | Purchase | 480.00 | 1 | 428.0071 BEA | 000035874 | 15/07/2025 | 600.00 | Book - Borrowing | 23/06/2014 | ||||||||
| Dewey Decimal Classification | Baccah | Central Library | Central Library | Second Floor | 14/04/2014 | 480.00 | 1 | 428.0071 BEA | 000035886 | 24/08/2022 | 600.00 | 14/04/2014 | CD | DVD - With book | 23/06/2014 | 1 of 4 | |||||||
| Dewey Decimal Classification | Baccah | Central Library | Central Library | Second Floor | 14/04/2014 | 480.00 | 428.0071 BEA | 000035887 | 24/08/2022 | 600.00 | 14/04/2014 | CD | DVD - With book | 2 of 4 | |||||||||
| Dewey Decimal Classification | Baccah | Central Library | Central Library | Second Floor | 14/04/2014 | 480.00 | 428.0071 BEA | 000035888 | 24/08/2022 | 600.00 | 14/04/2014 | CD | DVD - With book | 3 of 4 | |||||||||
| Dewey Decimal Classification | Baccah | Central Library | Central Library | Second Floor | 14/04/2014 | 480.00 | 428.0071 BEA | 000035889 | 24/08/2022 | 600.00 | 14/04/2014 | CD | DVD - With book | 4 of 4 | |||||||||
| Dewey Decimal Classification | Baccah | Central Library | Central Library | Second Floor | 14/04/2014 | 480.00 | 1 | 428.0071 BEA | 000035890 | 24/08/2022 | 600.00 | 14/04/2014 | CD | DVD - With book | 23/06/2014 | 4 of 4 | |||||||
| Dewey Decimal Classification | Baccah | Central Library | Central Library | Second Floor | 14/04/2014 | 480.00 | 1 | 428.0071 BEA | 000035891 | 24/08/2022 | 600.00 | 14/04/2014 | CD | DVD - With book | 23/06/2014 | 3 of 4 | |||||||
| Dewey Decimal Classification | Baccah | Central Library | Central Library | Second Floor | 14/04/2014 | 480.00 | 1 | 428.0071 BEA | 000035892 | 24/08/2022 | 600.00 | 14/04/2014 | CD | DVD - With book | 23/06/2014 | 2 of 4 | |||||||
| Dewey Decimal Classification | Baccah | Central Library | Central Library | Second Floor | 14/04/2014 | 480.00 | 1 | 428.0071 BEA | 000035893 | 24/08/2022 | 600.00 | 14/04/2014 | CD | DVD - With book | 13/05/2014 | 1 of 4 | Lost In Inventory_2015-8-23 | 4 |